00614 2200229 4500001002100000005001700021008004100038020002200079035002400101040001200125082000800137090001900145100002000164245004600184250001000230260004500240300002800285504001500313650002200328850001200350990002200362YOGYA-0611000000039820110614091947.0 ind  a978-979-042-000-7 0010-061100000000398 aYOPDYOG a069 aDEP 069bUta J aUTAMI, Vievid D aJelajah museum YogyakartacVievid D Utami aCet.1 aYogyakartabEmpat Pilar Pendidikanc2008 aIV, 68 hlmbilusc25 cm ahlm. 66-68 aMuseum-Yogyakarta aYOPDYOG aCB-D.11-2008-1879